00288nam a2200121Ia 45000030006000000080041000060400015000471000023000622450043000852600009001285460012001370050017001490STCL150530s9999 xx 000 0 und d aSTCLcSTCL aParthsarathy, R.T. aDawn and Achievement of Indian Freedom c1953 aEnglish20220125171413.0